00345 a2200109 4500001001000000005001700010008004100027245006700068100002400135773005900159999001700218ART_4195420260410161814.0260409a 10aEl uso y abuso de la filosofía en la enseñanza del derecho1 aNussbaum, Martha C.0 tAcademiag- Año 7, Nº 14 (jul. /dic. 2009)wREV4314 c21754d21754